1296 1412 1959 1415 1895 1038 1749 1548 1267 1383 1974 1030 1082 1019 1316 1467 1341 1169 1183 1793 1679 1041 1103 1192 1506 1795 1025 1931 1849 1800 1435 1779 1145 1075 1532 1405 1699 1639 1035 1173 1406 1020 1793 1538 1901 1808 1605 1111 1534 1077 1055 1277 1930 1556 1746 1506 1698 1583 1477 1133 1459 1715 1527 1814 1012 1127 1374 1822 1320 1269 1107 1218 1302 1295 1923 1158 1369 1446 1699 1958 1151 1780 1490 1830 1979 1876 1875 1890 1895 1957 1614 1199 1987 1880 1905 1397 1924 1581 1777 BCNSPRNW ULIB Ver.6.0+V

เปลี่ยนเป็นภาษาไทย

Change to English
 แสดงรายละเอียดบรรณานุกรม
  กลับหน้าหลัก

Brief Record : Get Marc (ISO 2709) : E-mail record : QR code < ปิดหน้าต่าง
LEADER : 00000nam 2200000uu 4500
001    13399128190
003     ULIB
008    020711s2021 th a 000 0 eng d
020    ^a9780323896887
060    ^aWS100^bA636C
100    ^aAnup C. Katheria. and Lisa Marie Stellwagen.
245    ^aClinics in Perinatology Care for the Term Newborn
250    ^a1st ed
260    ^aPhiladelphia :^bElsevier,^c2021
300    ^a695 pages;^b21 cm
650    ^aPerinatology
650    ^aNewborn
945    ^p0^l0^i009294
999    ^aประนอม เกษจรัล
รายการนี้ยังไม่มีแท็ก
คุณยังไม่ได้ล็อกอิน คุณสามารถมีกิจกรรมร่วมกับเว็บไซต์ได้ แต่ต้องล็อกอินก่อน ::
  ล็อกอิน

รายการสื่อสารสนเทศ

ลำดับที่ ประเภท เลขเรียก/บาร์โค้ด สถานที่ สถานะ
1. วิทยาศาสตร์การแพทย์ และสุขภาพ
หนังสือสำรอง
สถานะ=หนังสือสำรอง
WS100 A636C ฉ.1 
  Barcode: 009294
ห้องสมุดวิทยาเขตสวรรค์ประชารักษ์
►หนังสือทั่วไป
บนชั้น

รายการใกล้เคียง
    หัวเรื่อง [Perinatology]
    หัวเรื่อง [Newborn]

BibComment


ยังไม่เคยถูกคอมเมนท์

คอมเมนท์ทรัพยากรรายการนี้
  คอมเมนท์: Clinics in Perin..


 Copyright 2026. Bcnsprnw @Library